|
|
|
|
| LEADER |
01237aam a22002658a 4500 |
| 001 |
00041565 |
| 005 |
20180608130659.0 |
| 008 |
120328s2001 ||||||viesd |
| 020 |
# |
# |
|c 34000
|
| 041 |
0 |
# |
|a vie
|
| 082 |
1 |
4 |
|a 300
|b T527CH
|
| 100 |
1 |
# |
|a Nguyễn, Hoàng Anh
|e Biên soạn, tuyển chọn, giới thiệu
|
| 245 |
1 |
0 |
|a Tuyển chọn bộ đề ôn luyện khối C văn - sử - địa
|c Nguyễn Hoàng Anh, Nguyễn Thị Thanh Hằng (biên soạn, tuyển chọn, giới thiệu)
|b Theo chương trình 12 hiện hành và cấu trúc đề thi tốt nghiệp THPT, tuyển sinh Đại học, Cao đẳng
|
| 260 |
# |
# |
|a Thành phố Hồ Chí Minh
|b Đại học quốc gia Thành phố Hồ Chí Minh
|c 2010
|
| 300 |
# |
# |
|a 298 tr.
|c 24 cm.
|
| 653 |
# |
# |
|a Luyện thi
|
| 653 |
# |
# |
|a Địa lý
|
| 653 |
# |
# |
|a Ôn tập
|
| 653 |
# |
# |
|a Lịch sử
|
| 653 |
# |
# |
|a Trung học phổ thông
|
| 653 |
# |
# |
|a Văn
|
| 700 |
1 |
# |
|a Nguyễn, Thị Thanh Hằng
|e Biên soạn, tuyển chọn, giới thiệu
|
| 852 |
# |
# |
|j KD.0023685
|
| 910 |
|
|
|d 28/05/2018
|
| 980 |
# |
# |
|a Trung tâm Học liệu Lê Vũ Hùng, Trường Đại học Đồng Tháp
|